Palmarès de Remco Evenepoel - Statistiques

Statistiques générales
  • Ce quiz a été pris 29 fois
  • Le résultat moyen est 12 sur 37
Statistiques - réponses
Hint Réponse % Correct
2022 Champion du monde
100%
La Vuelta
86%
Liège-Bastogne-Liège
67%
Liège-Bastogne-Liège
67%
La Vuelta (étape)
57%
2024 Champion olympique
52%
Classique de Saint-Sébastien
52%
Giro (Étape)
43%
Giro (étape)
43%
Tour de France (étape)
43%
Tour de France (étape)
43%
Champion de Belgique
38%
Championnat du Monde CLM
33%
2023 Champion du monde CLM
33%
Champion du monde CLM
33%
Champion olympique CLM
29%
La Vuelta (étape)
29%
La Vuelta (étape)
29%
La Vuelta (étape)
29%
La Vuelta (étape)
29%
2019 Champion d'Europe CLM
24%
Championnat d'Europe CLM
24%
Tour des Émirats arabes unis
24%
Champion de Belgique CLM
19%
2025 Champion de Belgique CLM
19%
2020 Tour de Pologne
19%
Classique de Saint-Sébastien
14%
Criterium du Dauphiné (étape)
14%
Criterium du Dauphiné (étape)
14%
Tour de Pologne (étape)
14%
Paris-Nice (étape)
10%
Tour de Catalogne (étape)
10%
Tour de Catalogne (étape)
10%
Tour de Suisse (étape)
10%
Tour de Suisse (étape)
10%
Tour de Romandie (étape)
5%
Tour des Émirats arabes unis (étape)
5%
Aucun quiz correspondant
Distribution des résultats
% des personnes avec chaque résultat
Percentile par nombre de réponses
Votre historique - résultats
Vous n’avez pas pris ce quiz